Name Every Ride at Canada's Wonderland - Statistics

General Stats
  • This quiz has been taken 45 times
  • The average score is 30 of 58
Answer Stats
Opening Year Manufacturer Answer % Correct
1981 Taft Manufacturing Wilde Beast
97%
1981 Arrow Dynamics Dragon Fyre
95%
1981 Curtis D. Summers Mighty Canadian Minebuster
95%
2008 Bolliger & Mabillard Behemoth
92%
2012 Bolliger & Mabillard Leviathan
92%
1991 Arrow Dynamics Vortex
92%
2019 Bolliger & Mabillard Yukon Striker
89%
2025 Premier Rides AlpenFury
87%
1995 Vekoma The Daredeviler
87%
1981 Curtis D. Summers Ghoster Coaster
84%
2005 Premier Rides Backlot Stunt Coaster
82%
1987 Vekoma The Bat
76%
2014 ART Engineering Wonder Mountain's Guardian
76%
2000 Mondial Riptide
74%
1999 Mack Rides The Fly
74%
1981 Mack Rides Thunder Run
74%
2011 Mondial Windseeker
71%
1997 Intamin Drop Tower: Scream Zone
68%
2001 Vekoma Silver Streak
68%
2003 HUSS Sledgehammer
68%
1981 Huss Klockwerks
66%
2018 Zamperla Lumberjack
66%
1989 Hopkins Timberwolf Falls
66%
1981 Huss Wilde Knight Mares
66%
1998 E&F Miler Taxi Jam
63%
2002 Mondial Psyclone
61%
1984 Intamin White Water Canyon
61%
1981 Zierer Swing Of The Century
58%
2023 Mondial Tundra Twister
58%
1981 Philadelphia Toboggan Company Antique Carousel
55%
2015 Funtime Slingshot
53%
2023 ART Engineering Snoopy's Racing Railway
53%
2017 Mondial Soaring Timbers
53%
2001 Mondial Shockwave
50%
2016 Gertslauer Skyhawk
50%
1981 Huss Viking's Rage
50%
1981 Mack Rides Spinovator
47%
2000 Barbisan Boo Blasters on Boo Hill
42%
1981 Bradley & Kaye Character Carousel
37%
1981 Lusse Bros. Krachenwagen
29%
1981 Bradley & Kaye Snoopy vs Red Baron
29%
2018 Preston & Barbieri Flying Canoes
26%
2001 S&S Worldwide Blast Off
24%
2016 Larson International Flying Eagles
24%
2001 Zamperla Jumpin' Jet
21%
2010 Zamperla Lucy's Tugboat
21%
1981 Bradley & Kaye Swan Lake
21%
2010 Zamperla Peanuts 500
16%
1981 Bradley & Kaye Snoopy's Space Race
16%
1998 Zamperla Swing Time
16%
1981 Lusse Bros. Joe Cool's Dodgem School
13%
2003 SPF Visa Group Pumpkin Patch
13%
1998 Zamperla Sugar Shack
13%
1981 Bradley & Kaye Jokey's Jalopies
11%
2021 Zamperla Beagle Brigade Airfield
8%
2003 Preston & Barbieri Sally's Love Buggies
8%
2010 Zamperla Snoopy's Revolution
5%
1981 Bradley & Kaye Frequent Flyers
3%
No matching quizzes found
Score Distribution
Percent of People with Each Score
Percentile by Number Answered
Your Score History
You have not taken this quiz